00580nam a2200193 a 4500008004100000020003100041040002500072044001100097080001400108100002000122245006200142250001300204260004900217300002700266500003500293700002600328700002400354041000800378951213s1978||||CS 0 slo c c12 Kčs. q(7000 výtl.) aSNKbslocSNKeAACR2 axocSK a894.545-31 aKekkonen, Sylvi10aAmáliacSylvi Kekkonen ; Jaroslav Kaňa, Ján Meisner a1., vyd. aBratislavabPravdac1978eBratislavafPravda a160 s., 6,16 AHc20 cm aIlustr. na front. Pozn. prekl.1 aKaňa, Jaroslav4prk1 aMeisner, Ján4gup aslo